000
00287nam a22001337a 4500
008
180312b xxu||||| |||| 00| 0 eng d
020
_a
9781464133015
041
_a
eng
080
_a
51
100
_a
36
101
_a
mat
245
_a
calculus 113 114 213
_c
jon.r
942
_2
udc
_c
BK
999
_c
44669
_d
44669